000
00287nam a22001337a 4500
008
210309b ||||| |||| 00| 0 eng d
041
_a
eng
080
_a
510
082
_a
510
100
_a
36
101
_a
MAT
245
_a
Geometric Transformations I
_c
Yaglom,M.I
942
_2
udc
_c
BK
999
_c
56037
_d
56037